INTERAKCE RADIOSTRONCIA SE SEDIMENTY V POVRCHOVÝCH VODÁCH

Podrobná bibliografia
Hlavný autor: Beneš, P. (Autor)
Médium: Článok
Jazyk:čeština

MARC

LEADER 00000nab a2200000uu 4500
001 vtls010913309
003 SK-MaSNL
005 20260303150712.0
008 230222|1989 xo |||||||||||||||||cze|
015 |a SNBRB 
035 |a (urnnbn)urn:nbn:sk:snk:ar-a096sy 
035 |a (uuid)acca2dd3-9456-43ef-9b73-5ab4aaafcd31 
035 |a urn:nbn:sk:snk-ab9234 
040 |a SNKBUCL  |b slo  |c SNKBUCL  |e AACR2 
041 0 |a cze 
044 |a xo  |c SK 
100 1 |a Beneš, P.  |4 aut  |9 774563 
245 1 0 |a INTERAKCE RADIOSTRONCIA SE SEDIMENTY V POVRCHOVÝCH VODÁCH  |c P. Beneš 
773 0 |t Rádioaktivita a životné prostredie  |g Roč. 12, č. 5 (1989), s. 211-219 
958 |a OND 
958 |a EUIPO 
958 |a article10 
999 |c 2012639  |d 2014569